000 00615nam a22002537a 4500
003 OSt
005 20140310182029.0
008 130604t xxu||||| |||| 00| 0 eng d
020 _a9812444897
050 _aPE 1112
_b.F722 1990
082 _aM 415
_bG76 1990
245 _aPrentice-Hall grammar and composition 3
_cForlini, Gary
250 _a4th ed.
260 _aEnglewood cliffs, N.J.
_bPrentice-Hall
_cc1990
300 _a4 v.
_bill.
_c22 cm.
942 _2lcc
_cHS
999 _c8535
_d8535